[Event "GER-chT U10"]
[Site "Magdeburg"]
[Date "2013.12.27"]
[Round "2.4"]
[White "Koch, Nico"]
[Black "Prieb, Robert"]
[Result "0-1"]
[WhiteElo "600"]
[BlackElo "898"]
[PlyCount "75"]
[EventDate "2013.12.27"]
[EventType "team-swiss"]
[EventRounds "5"]
[EventCountry "GER"]
[SourceTitle "EXT 2015"]
[Source "ChessBase"]
[SourceDate "2014.11.20"]
[SourceVersion "1"]
[SourceVersionDate "2014.11.20"]
[SourceQuality "1"]
[WhiteTeam "Bremen Ost"]
[BlackTeam "Paderborn"]
[WhiteTeamCountry "GER"]
[BlackTeamCountry "GER"]

1. e4 e6 2. d4 d5 3. exd5 exd5 4. Nc3 Nf6 5. Nf3 Bd6 6. Bg5 h6 7. Bh4 Be6 8. Bd3 Nc6 9. Qe2 0-0 10. 0-0 Be7 11. Nb5 a6 12. Na3 Bg4 13. h3 Bh5 14. c3 Re8 15. Bc2 Bxa3 16. Qd3 Bxb2 17. Rae1 Rxe1 18. Rxe1 Bg6 19. Bxf6 Qxf6 20. Qd2 Ba3 21. Ne5 Nxe5 22. dxe5 Qe6 23. Bb3 c6 24. Qd4 Rd8 25. c4 Be7 26. Rd1 dxc4 27. Qb6 Rxd1+ 28. Bxd1 Qd7 29. Bg4 Qd5 30. Qb2 Be4 31. Qe2 Bxg2 32. f3 Qd3 33. Qxg2 Bc5+ 34. Kh1 Qd1+ 35. Kh2 c3 36. f4 c2 37. Bxd1 cxd1Q 38. f5 0-1